| 000 | 00947cam a2200277 a 4500 | ||
|---|---|---|---|
| 999 |
_c523839 _d523839 |
||
| 001 | 15647409 | ||
| 003 | NUST | ||
| 005 | 20190530050307.0 | ||
| 008 | 090305s2009 nyua b 001 0 eng | ||
| 010 | _a 2009009685 | ||
| 020 | _a9780470028049 (pbk.) | ||
| 038 | _awaseem | ||
| 040 |
_aDLC _cDLC _dDLC |
||
| 050 | 0 | 0 |
_aHG4515.15 _b.F68 2009 |
| 082 | 0 | 0 |
_a332.6019 _bFOR |
| 100 | 1 |
_aForbes, William, _d1959- _914631 |
|
| 245 | 1 | 0 |
_aBehavioural finance / _cWilliam Forbes. |
| 260 |
_aNew York : _bWiley, _c2009. |
||
| 300 |
_axvi, 443 p. : _bill. ; _c24 cm. |
||
| 504 | _aIncludes bibliographical references and index. | ||
| 650 | 0 |
_aInvestments _xPsychological aspects. _914632 |
|
| 650 | 0 |
_aInvestments _xDecision making. _914633 |
|
| 906 |
_a7 _bcbc _corignew _d1 _eecip _f20 _gy-gencatlg |
||
| 942 |
_2ddc _cBK |
||